|
|
|
|
| LEADER |
00000nab a2200000 ar4500 |
| 001 |
vtls008964234 |
| 003 |
SK-MaSNL |
| 005 |
20260303070809.0 |
| 008 |
070416c2006 xo qr|p|||||||000 b|slo |
| 015 |
|
|
|a SNBRB2007/04
|2 snkbucl
|
| 038 |
|
|
|a SNKBUCL
|
| 040 |
|
|
|a SNKBUCL
|b slo
|c SNKBUCL
|e AACR2
|
| 041 |
0 |
|
|a slo
|
| 044 |
|
|
|a xo
|c SK
|
| 080 |
|
|
|a 654.16
|2 2001
|
| 080 |
|
|
|a 621.396
|2 2001
|
| 245 |
0 |
0 |
|a Technopol International a.s.
|b operátor verejnej rádiovej siete RADIOPOL uviedol do prevádzky novú digitálnu rádiovú sieť RADIOPOL TETRA
|
| 610 |
2 |
7 |
|a Technopol International (Bratislava, Slovensko)
|2 snkbucl
|9 862109
|
| 650 |
0 |
7 |
|a RADIOPOL TETRA (digitálna rádiová sieť)
|2 snkbucl
|9 1068712
|
| 650 |
0 |
7 |
|a digitálna rádiokomunikácia
|2 snkbucl
|9 88359
|
| 650 |
0 |
7 |
|a digitálne rádiokomunikačné siete
|2 snkbucl
|9 1068713
|
| 773 |
0 |
|
|t Alarm security magazín
|g Roč. VIII., č. 4 (2006), s. 24-25
|x 1335-504X
|
| 852 |
|
|
|a SNK
|b KIS3GCP
|
| 999 |
|
|
|c 1756984
|d 1758914
|